[Event "16. Sants Open 2014"]
[Site "Barcelona ESP"]
[Date "2014.08.22"]
[Round "1.49"]
[White "Sandstrom, Anders"]
[Black "Martinez Alcantara, Jose Eduardo"]
[Result "0-1"]
[WhiteElo "1951"]
[BlackElo "2379"]
[PlyCount "48"]
[EventDate "2014.08.22"]
[EventType "swiss"]
[EventRounds "10"]
[EventCountry "ESP"]
[Source "lmi"]
[SourceDate "2014.08.22"]

1. c4 b6 2. Nc3 Bb7 3. e4 e6 4. d4 Bb4 5. Bd3 f5 6. d5 fxe4 7. Bxe4 Nf6 8. Bg5
O-O 9. Nge2 Qe8 10. Bxf6 gxf6 11. O-O f5 12. Bf3 e5 13. Re1 e4 14. Ng3 Bxc3 15.
bxc3 Qg6 16. Nxe4 fxe4 17. Rxe4 Qf6 18. Qd2 Na6 19. Bh5 Nc5 20. Rg4+ Kh8 21.
Re1 Nd3 22. Re3 Nxf2 23. Rf3 Nxg4 24. Rxf6 Nxf6 0-1

[Event "16. Sants Open 2014"]
[Site "Barcelona ESP"]
[Date "2014.08.22"]
[Round "1.81"]
[White "Carrascal Rosal, Alberto"]
[Black "Arias Igual, Alejandro"]
[Result "0-1"]
[WhiteElo "1885"]
[BlackElo "2271"]
[PlyCount "96"]
[EventDate "2014.08.22"]
[EventType "swiss"]
[EventRounds "10"]
[EventCountry "ESP"]
[Source "lmi"]
[SourceDate "2014.08.22"]

1. e4 c5 2. Nf3 Nc6 3. d4 cxd4 4. Nxd4 g6 5. c4 Nf6 6. Nc3 d6 7. Be2 Nxd4 8.
Qxd4 Bg7 9. Be3 O-O 10. Qd2 Be6 11. Rc1 Qa5 12. O-O Rfc8 13. b3 a6 14. f3 Nd7
15. Nd5 Qxd2 16. Bxd2 Kf8 17. Be3 Bb2 18. Rcd1 f6 19. f4 Ke8 20. g4 Bf7 21. Rd2
Ba3 22. h4 e6 23. Nb6 Nxb6 24. Bxb6 Ke7 25. Bf3 e5 26. f5 Rc6 27. Be3 b5 28.
cxb5 Rc3 29. Re2 axb5 30. g5 Rxe3 31. gxf6+ Kxf6 32. Rxe3 Bc5 33. Rfe1 gxf5 34.
Kf1 Bxe3 35. Rxe3 Rxa2 36. Be2 fxe4 37. Rxe4 Bxb3 38. Rb4 Bc4 39. Bxc4 bxc4 40.
Rxc4 d5 41. Rc6+ Kf5 42. Rh6 d4 43. Rxh7 d3 44. Ke1 Kf4 45. Rg7 e4 46. h5 e3
47. Kf1 Ra1+ 48. Kg2 d2 0-1

[Event "16. Sants Open 2014"]
[Site "Barcelona ESP"]
[Date "2014.08.23"]
[Round "2.6"]
[White "Simon Padros, Emili"]
[Black "Peralta, Fernando"]
[Result "1/2-1/2"]
[WhiteElo "2218"]
[BlackElo "2574"]
[PlyCount "68"]
[EventDate "2014.08.22"]
[EventType "swiss"]
[EventRounds "10"]
[EventCountry "ESP"]
[Source "lmi"]
[SourceDate "2014.08.22"]

1. e4 c6 2. d4 d5 3. e5 Bf5 4. Nc3 e6 5. g4 Bg6 6. Nge2 c5 7. h4 h5 8. Nf4 Bh7
9. Nxh5 cxd4 10. Qxd4 Nc6 11. Bb5 Nge7 12. Bh6 Rg8 13. O-O-O Qc7 14. Bg5 a6 15.
Qa4 Nc8 16. Be3 Rb8 17. Bxc6+ bxc6 18. Qxa6 Nb6 19. Na4 Nxa4 20. Qxa4 Kd7 21.
a3 Be7 22. c4 Qb7 23. b4 Ra8 24. Qb3 Qa6 25. Kb2 Rgb8 26. Nf4 f6 27. Nxe6 Qxa3+
28. Qxa3 Rxa3 29. Nc5+ Bxc5 30. Bxc5 Rba8 31. Ra1 Rxa1 32. Rxa1 Rxa1 33. Kxa1
fxe5 34. cxd5 cxd5 1/2-1/2

[Event "16. Sants Open 2014"]
[Site "Barcelona ESP"]
[Date "2014.08.23"]
[Round "2.16"]
[White "Comas Fabrego, Lluis"]
[Black "Garriga Cazorla, Pere"]
[Result "1-0"]
[WhiteElo "2508"]
[BlackElo "2196"]
[PlyCount "103"]
[EventDate "2014.08.22"]
[EventType "swiss"]
[EventRounds "10"]
[EventCountry "ESP"]
[Source "lmi"]
[SourceDate "2014.08.22"]

1. d4 Nf6 2. c4 e6 3. Nc3 Bb4 4. e3 O-O 5. Bd3 d5 6. cxd5 exd5 7. Nge2 b6 8.
O-O Bb7 9. a3 Bd6 10. Ng3 Re8 11. Qc2 a6 12. b4 Nbd7 13. Rb1 g6 14. f3 Nf8 15.
Qf2 Ne6 16. Nge2 Qd7 17. Bd2 Rab8 18. h3 c5 19. Rb2 Qc7 20. Rc1 Qe7 21. Rcb1
Rec8 22. bxc5 bxc5 23. a4 c4 24. Bc2 Bc6 25. e4 Rxb2 26. Rxb2 Rb8 27. Rxb8+
Bxb8 28. e5 Nd7 29. f4 f6 30. f5 gxf5 31. exf6 Nxf6 32. Bxf5 Qd6 33. Bxe6+ Qxe6
34. Bf4 Bxf4 35. Qxf4 Bxa4 36. Qg3+ Kf7 37. Nf4 Qd7 38. Qf3 Bc6 39. Nh5 Qe6 40.
g4 h6 41. Kf2 Ke7 42. Ng7 Qf7 43. Nf5+ Kd7 44. Qf4 Qe6 45. Qxh6 Kc7 46. Qg7+
Bd7 47. Qxf6 Qxf6 48. Nxd5+ Kc6 49. Nxf6 a5 50. Nxd7 a4 51. Ne5+ Kb5 52. Nd6+
1-0

[Event "16. Sants Open 2014"]
[Site "Barcelona ESP"]
[Date "2014.08.23"]
[Round "2.66"]
[White "Martin Perez, Laura"]
[Black "Gonzalez Rodriguez, Jorge Armando"]
[Result "0-1"]
[WhiteElo "2045"]
[BlackElo "2382"]
[PlyCount "92"]
[EventDate "2014.08.22"]
[EventType "swiss"]
[EventRounds "10"]
[EventCountry "ESP"]
[Source "lmi"]
[SourceDate "2014.08.22"]

1. e4 c5 2. Nf3 Nc6 3. d4 cxd4 4. Nxd4 g6 5. Bc4 Bg7 6. Nb3 Nf6 7. Nc3 O-O 8.
O-O a6 9. Re1 b5 10. Bf1 d6 11. a4 b4 12. Nd5 Nd7 13. a5 e6 14. Ne3 Nc5 15. Nc4
Nxb3 16. cxb3 Bd4 17. Be3 e5 18. Nb6 Rb8 19. Bxd4 Nxd4 20. Bc4 Kg7 21. Qd2 Be6
22. Ra4 Bxc4 23. bxc4 b3 24. Rd1 f5 25. f3 fxe4 26. fxe4 Rb7 27. Raa1 Rbf7 28.
Rf1 Rxf1+ 29. Rxf1 Qg5 30. Qd3 Rxf1+ 31. Qxf1 Qe3+ 32. Kh1 Qxe4 33. Nd5 Qf5 34.
Qxf5 gxf5 35. Nc7 Kf7 36. Nxa6 Nc6 37. c5 Nxa5 38. cxd6 Ke6 39. Kg1 Kxd6 40.
Nb4 e4 41. Kf2 Nc4 42. Ke2 Nxb2 43. Kd2 Na4 44. g3 Kc5 45. Na6+ Kd4 46. Nb4 e3+
0-1

[Event "16. Sants Open 2014"]
[Site "Barcelona ESP"]
[Date "2014.08.24"]
[Round "3.9"]
[White "Libiszewski, Fabien"]
[Black "Vidarte Morales, Arturo"]
[Result "1-0"]
[WhiteElo "2531"]
[BlackElo "2326"]
[PlyCount "117"]
[EventDate "2014.08.22"]
[EventType "swiss"]
[EventRounds "10"]
[EventCountry "ESP"]
[Source "lmi"]
[SourceDate "2014.08.22"]

1. e4 c5 2. Nf3 g6 3. c3 Bg7 4. d4 cxd4 5. cxd4 d5 6. e5 Nc6 7. Bb5 e6 8. O-O
Nge7 9. Nc3 O-O 10. Re1 a6 11. Bf1 b5 12. Bf4 Qb6 13. Qd2 Bd7 14. Rad1 f6 15.
exf6 Bxf6 16. Bh6 Rf7 17. Ng5 Bxg5 18. Bxg5 Raf8 19. Bxe7 Nxe7 20. f3 Nc6 21.
Kh1 Qd8 22. Ne2 g5 23. Nc1 Rf4 24. Nb3 Qf6 25. Be2 Qg7 26. Qe3 Kh8 27. Rd2 R4f5
28. Red1 Rf4 29. Rc1 Qe7 30. Rdc2 Qd6 31. Kg1 R4f5 32. Nc5 Nb4 33. Rd2 Bc8 34.
a3 Nc6 35. Rdc2 Na5 36. b3 e5 37. Bd3 exd4 38. Qd2 Nc4 39. bxc4 dxc4 40. Bxf5
Qxc5 41. Bxc8 Rxc8 42. Qb4 d3+ 43. Qxc5 Rxc5 44. Rd2 Rd5 45. Kf2 Kg7 46. Ke3
Kf6 47. g3 Ke6 48. f4 gxf4+ 49. gxf4 Kd6 50. Rf2 Kc5 51. f5 d2 52. Rxd2 Rxf5
53. Rf2 Rh5 54. Rg1 a5 55. Rgf1 Rh3+ 56. Rf3 Rxh2 57. Rf5+ Kc6 58. Rf6+ Kd7 59.
Rb6 1-0

[Event "16. Sants Open 2014"]
[Site "Barcelona ESP"]
[Date "2014.08.24"]
[Round "3.14"]
[White "Sorm, Daniel"]
[Black "Delorme, Axel"]
[Result "1/2-1/2"]
[WhiteElo "2312"]
[BlackElo "2501"]
[PlyCount "79"]
[EventDate "2014.08.22"]
[EventType "swiss"]
[EventRounds "10"]
[EventCountry "ESP"]
[Source "lmi"]
[SourceDate "2014.08.22"]

1. d4 Nf6 2. c4 e6 3. Nc3 Bb4 4. e3 O-O 5. Bd3 d5 6. cxd5 exd5 7. Nge2 Re8 8.
O-O Bd6 9. Bd2 a6 10. Rc1 Nbd7 11. Nf4 c6 12. Qf3 Nf8 13. h3 Ng6 14. Nxg6 hxg6
15. Rce1 Bc7 16. g4 Ne4 17. Re2 Qh4 18. Nxe4 dxe4 19. Bxe4 Bxg4 20. Qxg4 Rxe4
21. Qxh4 Rxh4 22. Kg2 f6 23. e4 Rd8 24. Bc3 Kf7 25. Rd1 Rh5 26. Red2 Rb5 27. d5
cxd5 28. a4 Rb3 29. Rxd5 Rxd5 30. Rxd5 Ke6 31. Rc5 Kd6 32. Rc4 b5 33. axb5 axb5
34. e5+ fxe5 35. Bxe5+ Kxe5 36. Rxc7 Kf6 37. Rc6+ Kg5 38. Rc7 Rxb2 39. Rxg7 b4
40. h4+ 1/2-1/2

[Event "16. Sants Open 2014"]
[Site "Barcelona ESP"]
[Date "2014.08.24"]
[Round "3.45"]
[White "Carol Querol, Santiago"]
[Black "Colon Garcia, Enrique"]
[Result "1/2-1/2"]
[WhiteElo "2106"]
[BlackElo "2343"]
[PlyCount "43"]
[EventDate "2014.08.22"]
[EventType "swiss"]
[EventRounds "10"]
[EventCountry "ESP"]
[Source "lmi"]
[SourceDate "2014.08.22"]

1. d4 Nf6 2. c4 e6 3. Nc3 Bb4 4. e3 O-O 5. Bd3 c5 6. Nge2 cxd4 7. exd4 d5 8.
cxd5 exd5 9. O-O h6 10. a3 Be7 11. h3 Nc6 12. Bc2 Bd6 13. Qd3 Ne7 14. Qf3 Nh7
15. Qh5 a6 16. Be3 Bc7 17. Rac1 Be6 18. Rfe1 b5 19. Bf4 Bb6 20. Be3 Bc7 21. Bf4
Bb6 22. Be3 1/2-1/2

[Event "16. Sants Open 2014"]
[Site "Barcelona ESP"]
[Date "2014.08.25"]
[Round "4.18"]
[White "Sorm, Daniel"]
[Black "Bromberger, Stefan"]
[Result "0-1"]
[WhiteElo "2312"]
[BlackElo "2510"]
[PlyCount "72"]
[EventDate "2014.08.22"]
[EventType "swiss"]
[EventRounds "10"]
[EventCountry "ESP"]
[Source "lmi"]
[SourceDate "2014.08.22"]

1. d4 Nf6 2. c4 e6 3. Nc3 Bb4 4. e3 O-O 5. Bd3 d5 6. cxd5 exd5 7. Nge2 Re8 8.
O-O Bf8 9. Bd2 b6 10. f3 c5 11. Qe1 Ba6 12. Bxa6 Nxa6 13. g4 Nb4 14. Rb1 h6 15.
a3 Nd3 16. Qg3 b5 17. dxc5 Bxc5 18. Nd4 Bxd4 19. exd4 Qb6 20. Kh1 Qxd4 21. Nxb5
Qa4 22. Nc7 Re2 23. Nxa8 Rxd2 24. Qc7 Qe8 25. Qxa7 Nxg4 26. Qc7 Rxh2+ 27. Qxh2
Nxh2 28. Kxh2 Qxa8 29. b4 Qd8 30. b5 Qh4+ 31. Kg1 Qg3+ 32. Kh1 Nf2+ 33. Rxf2
Qxf2 34. b6 Qxf3+ 35. Kg1 Qg4+ 36. Kh2 Qh5+ 0-1

[Event "16. Sants Open 2014"]
[Site "Barcelona ESP"]
[Date "2014.08.25"]
[Round "4.43"]
[White "Tahay, Alexis"]
[Black "Hernando Rodrigo, Julio Antonio"]
[Result "1/2-1/2"]
[WhiteElo "2118"]
[BlackElo "2342"]
[PlyCount "69"]
[EventDate "2014.08.22"]
[EventType "swiss"]
[EventRounds "10"]
[EventCountry "ESP"]
[Source "lmi"]
[SourceDate "2014.08.22"]

1. e4 e6 2. d4 d5 3. Nd2 c5 4. exd5 exd5 5. Ngf3 Nc6 6. Bb5 Bd6 7. dxc5 Bxc5 8.
O-O Nge7 9. Nb3 Bd6 10. Re1 O-O 11. Bg5 a6 12. Be2 Qc7 13. Bh4 Bg4 14. Bg3 Rad8
15. Nbd4 Qb6 16. Bxd6 Rxd6 17. Nxc6 Nxc6 18. b3 Qc5 19. Rc1 Nb4 20. Qd4 Qxd4
21. Nxd4 Bxe2 22. a3 Nxc2 23. Rxc2 Bg4 24. Rc7 Rd7 25. Re7 Rxc7 26. Rxc7 Rc8
27. Rxc8+ Bxc8 28. Kf1 Kf8 29. Ke2 Ke7 30. Nc2 Kd6 31. b4 Bd7 32. Kf3 g6 33.
Ke3 Bb5 34. f4 h5 35. g3 1/2-1/2

[Event "16. Sants Open 2014"]
[Site "Barcelona ESP"]
[Date "2014.08.25"]
[Round "4.48"]
[White "Serarols Mabras, Bernat"]
[Black "Ekeberg, Carl Fredrik"]
[Result "1/2-1/2"]
[WhiteElo "2094"]
[BlackElo "2294"]
[PlyCount "83"]
[EventDate "2014.08.22"]
[EventType "swiss"]
[EventRounds "10"]
[EventCountry "ESP"]
[Source "lmi"]
[SourceDate "2014.08.22"]

1. d4 Nf6 2. c4 e6 3. Nc3 Bb4 4. e3 O-O 5. Bd3 d5 6. cxd5 exd5 7. Nge2 Bd6 8.
O-O c6 9. Nf4 a5 10. f3 Bxf4 11. exf4 b6 12. f5 Ne8 13. g4 Nd6 14. Bf4 Ba6 15.
Ne2 Bxd3 16. Qxd3 Na6 17. b3 Nb4 18. Qd2 Re8 19. Be5 f6 20. Bg3 Nb5 21. Nf4 Nc7
22. Rac1 Qd7 23. Kh1 Re7 24. Rg1 Rae8 25. a3 Nba6 26. Nh5 Nb5 27. Qf4 c5 28. g5
Nxd4 29. gxf6 Rf7 30. Nxg7 Rxg7 31. fxg7 Ne2 32. Qh6 Nxc1 33. Qxc1 Qxf5 34. Qf1
Nb8 35. Bxb8 Rxb8 36. f4 Qe4+ 37. Rg2 Rb7 38. Qa6 Qe1+ 39. Rg1 Qe4+ 40. Rg2
Qe1+ 41. Rg1 Qe4+ 42. Rg2 1/2-1/2

[Event "16. Sants Open 2014"]
[Site "Barcelona ESP"]
[Date "2014.08.26"]
[Round "5.15"]
[White "Sowray, Peter J"]
[Black "Granda Zuñiga, Julio E"]
[Result "1-0"]
[WhiteElo "2325"]
[BlackElo "2663"]
[PlyCount "59"]
[EventDate "2014.08.22"]
[EventType "swiss"]
[EventRounds "10"]
[EventCountry "ESP"]
[Source "lmi"]
[SourceDate "2014.08.22"]

1. d4 Nf6 2. c4 e6 3. Nc3 Bb4 4. e3 b6 5. Nge2 c5 6. a3 Ba5 7. Rb1 Qe7 8. Bd2
Na6 9. Ng3 Bb7 10. d5 O-O 11. Bd3 g6 12. O-O exd5 13. Nxd5 Nxd5 14. cxd5 Bxd2
15. Qxd2 Nc7 16. e4 d6 17. f4 Ne8 18. Rbe1 Nf6 19. e5 dxe5 20. fxe5 Nxd5 21.
Qh6 Rfe8 22. Ne4 Qf8 23. Qh4 Qg7 24. Nd6 Rxe5 25. Rxe5 Qxe5 26. Rxf7 Qe3+ 27.
Kh1 h5 28. Rf3 Qc1+ 29. Rf1 Qd2 30. Qe4 1-0

[Event "16. Sants Open 2014"]
[Site "Barcelona ESP"]
[Date "2014.08.27"]
[Round "6.50"]
[White "Kvisvik, Brede Alexander"]
[Black "Fernandez Saavedra, Jose Luis"]
[Result "1-0"]
[WhiteElo "2290"]
[BlackElo "2114"]
[PlyCount "63"]
[EventDate "2014.08.22"]
[EventType "swiss"]
[EventRounds "10"]
[EventCountry "ESP"]
[Source "lmi"]
[SourceDate "2014.08.22"]

1. c4 e6 2. g3 Nf6 3. d4 Bb4+ 4. Nd2 O-O 5. Bg2 d5 6. Ngf3 dxc4 7. O-O b5 8. a4
c6 9. Ne1 Nd5 10. e4 Nc7 11. Nc2 Be7 12. e5 Nd5 13. Ne4 b4 14. Qg4 Kh8 15. Bd2
Nd7 16. Rfc1 Ba6 17. Ne1 c5 18. Nxc5 Bxc5 19. dxc5 Nxc5 20. Rd1 Nb3 21. Bxb4
Re8 22. Rab1 Qb6 23. Bd6 Rac8 24. Nf3 c3 25. bxc3 Nxc3 26. Ng5 Nxd1 27. Qxd1
Rc3 28. Qh5 Bd3 29. Nxf7+ Kg8 30. Nh6+ gxh6 31. Qxe8+ Kg7 32. Bf8+ 1-0

[Event "16. Sants Open 2014"]
[Site "Barcelona ESP"]
[Date "2014.08.28"]
[Round "7.8"]
[White "Sowray, Peter J"]
[Black "Aroshidze, Levan"]
[Result "1/2-1/2"]
[WhiteElo "2325"]
[BlackElo "2539"]
[PlyCount "114"]
[EventDate "2014.08.22"]
[EventType "swiss"]
[EventRounds "10"]
[EventCountry "ESP"]
[Source "lmi"]
[SourceDate "2014.08.22"]

1. d4 Nf6 2. c4 e6 3. Nc3 Bb4 4. e3 O-O 5. Nge2 c6 6. a3 Ba5 7. Qc2 d5 8. Ng3
Nbd7 9. Be2 dxc4 10. Bxc4 e5 11. O-O Bc7 12. Ba2 exd4 13. exd4 Nb6 14. Rd1 Nfd5
15. Nce4 f5 16. Ng5 Qf6 17. b4 Kh8 18. Re1 Bd7 19. Bd2 Bd6 20. Qd3 Rae8 21.
Rad1 Bc7 22. Bb1 g6 23. h4 Rxe1+ 24. Rxe1 Re8 25. Rxe8+ Bxe8 26. Qe2 Qe7 27.
Ne6 Bf7 28. Nxc7 Qxe2 29. Nxe2 Nxc7 30. Nf4 Nc4 31. Bc1 Nb5 32. Ba2 Kg8 33.
Bxc4 Bxc4 34. Bb2 Kf7 35. f3 h6 36. Kf2 g5 37. hxg5 hxg5 38. Nh3 Kg6 39. g3 Bd5
40. Ng1 g4 41. Ke3 Nd6 42. Kf4 Bxf3 43. Nxf3 gxf3 44. Kxf3 Nc4 45. Bc1 b5 46.
Kf4 Kf6 47. Kf3 Ke6 48. Kf4 Nd6 49. Kg5 Ne4+ 50. Kf4 Kd5 51. Be3 a6 52. Bc1
Kxd4 53. Bb2+ Kd5 54. Bg7 Nd6 55. Bf8 Ne4 56. Bg7 Nd6 57. Bf8 Ne4 1/2-1/2

[Event "16. Sants Open 2014"]
[Site "Barcelona ESP"]
[Date "2014.08.28"]
[Round "7.50"]
[White "Sorm, Daniel"]
[Black "Stoeri, Laura"]
[Result "1-0"]
[WhiteElo "2312"]
[BlackElo "2123"]
[PlyCount "87"]
[EventDate "2014.08.22"]
[EventType "swiss"]
[EventRounds "10"]
[EventCountry "ESP"]
[Source "lmi"]
[SourceDate "2014.08.22"]

1. d4 Nf6 2. c4 e6 3. Nc3 Bb4 4. e3 O-O 5. Bd3 d5 6. cxd5 exd5 7. Nge2 Bd6 8.
O-O Re8 9. Bd2 Nbd7 10. Rc1 Bxh2+ 11. Kxh2 Ng4+ 12. Kg3 Ndf6 13. Rh1 g5 14. Nf4
gxf4+ 15. exf4 Kh8 16. Qc2 h5 17. f3 Nh6 18. Kf2 c6 19. f5 Kg7 20. Bxh6+ Kxh6
21. Qd2+ Kg7 22. Qg5+ Kf8 23. Qh6+ Ke7 24. Rce1+ Kd7 25. Rxe8 Nxe8 26. Qxh5 Nd6
27. Qh4 Qxh4+ 28. Rxh4 Kc7 29. Rh8 Rb8 30. g4 Bd7 31. Rxb8 Kxb8 32. f6 Kc7 33.
Kg3 Ne8 34. g5 Kd6 35. f4 a6 36. Na4 Nc7 37. Nc5 Bc8 38. b4 b6 39. Na4 Na8 40.
f5 b5 41. Nc5 Nc7 42. g6 fxg6 43. fxg6 Ne8 44. f7 1-0

[Event "16. Sants Open 2014"]
[Site "Barcelona ESP"]
[Date "2014.08.29"]
[Round "8.19"]
[White "Gomez Garrido, Camilo Ernesto"]
[Black "Hernando Rodrigo, Julio Antonio"]
[Result "1-0"]
[WhiteElo "2496"]
[BlackElo "2342"]
[PlyCount "87"]
[EventDate "2014.08.22"]
[EventType "swiss"]
[EventRounds "10"]
[EventCountry "ESP"]
[Source "lmi"]
[SourceDate "2014.08.22"]

1. e4 e6 2. d4 d5 3. Nd2 c5 4. exd5 exd5 5. Ngf3 Nc6 6. Bb5 Bd6 7. O-O Nge7 8.
dxc5 Bxc5 9. Nb3 Bd6 10. c3 O-O 11. Bd3 h6 12. h3 Bc7 13. Bc2 Qd6 14. Re1 Be6
15. Be3 b6 16. Nbd4 Nxd4 17. Bxd4 Nc6 18. Qd3 g6 19. Be3 Bf5 20. Qd2 Bxc2 21.
Qxc2 Rfe8 22. Bxh6 d4 23. Qd3 Rad8 24. Rxe8+ Rxe8 25. cxd4 Qd5 26. b3 Re4 27.
Rd1 b5 28. Be3 f5 29. Qc2 Bb6 30. Ne5 Nxe5 31. dxe5 Qxe5 32. Qc8+ Qe8 33. Qxe8+
Rxe8 34. Bxb6 axb6 35. Rd6 Re1+ 36. Kh2 Kf7 37. Rxb6 f4 38. Rxb5 Re2 39. a4
Rxf2 40. h4 Kg7 41. Kh3 Kh6 42. a5 Ra2 43. b4 Kh7 44. h5 1-0

[Event "16. Sants Open 2014"]
[Site "Barcelona ESP"]
[Date "2014.08.29"]
[Round "8.32"]
[White "Perez Pastora, Evaristo"]
[Black "Zude, Erik Dr."]
[Result "0-1"]
[WhiteElo "2181"]
[BlackElo "2381"]
[PlyCount "123"]
[EventDate "2014.08.22"]
[EventType "swiss"]
[EventRounds "10"]
[EventCountry "ESP"]
[Source "lmi"]
[SourceDate "2014.08.22"]

1. e4 e5 2. Nf3 d6 3. d4 exd4 4. Nxd4 Nf6 5. Nc3 Be7 6. Be2 O-O 7. O-O a6 8. a4
c5 9. Nb3 Nc6 10. Be3 b6 11. f4 Bb7 12. Bf3 Qc7 13. Nd5 Nxd5 14. exd5 Nb8 15.
c4 Nd7 16. Nd2 Rfe8 17. Qc2 b5 18. b3 Bf6 19. Rae1 Rxe3 20. Rxe3 Bd4 21. Rfe1
Re8 22. Nf1 Qa5 23. Kf2 Nf6 24. Kg3 Bxe3 25. Rxe3 Rxe3 26. Nxe3 Qe1+ 27. Qf2
Qc3 28. axb5 axb5 29. Qe2 g6 30. Kf2 Qxb3 31. cxb5 Kg7 32. Nc4 Qxb5 33. Nxd6
Qxe2+ 34. Kxe2 Bxd5 35. Ne8+ Nxe8 36. Bxd5 h6 37. Kf3 Nd6 38. g4 g5 39. Ke3 f6
40. Kf3 Kf8 41. h4 Ke7 42. hxg5 hxg5 43. Ke3 Kd7 44. Kd3 gxf4 45. Ke2 Nb5 46.
Kf3 Kd6 47. Bg8 Ke5 48. Ke2 Nd4+ 49. Kd3 Nf3 50. Bh7 Kd6 51. Bf5 Ne5+ 52. Ke4
f3 53. Ke3 c4 54. Bc2 Kc5 55. Bf5 Kb4 56. Be4 Kb3 57. Bd5 Kb4 58. Be4 c3 59.
Bd5 Ka3 60. Be4 Kb2 61. g5 fxg5 62. Kd4 0-1